000 01092cam a22003255i 4500
999 _c200431516
_d49728
003 TR-AnTOB
005 20191221181929.0
007 ta
008 130216s2012 pk a 000 0deng
010 _a 2013352195
040 _aDLC
_beng
_erda
_cDLC
_dDLC
_dTR-AnTOB
041 0 _aeng
042 _alcode
043 _aa-pk---
050 0 _aHC440.5
_b.N57 2012
090 _aHC440.5
_b.N57 2012
100 1 _aNisar, Ijaz
_eauthor
_9122697
245 1 0 _a100 Business leaders of Pakistan :
_bexclusive interviews, success stories and case-studies of business leaders, presidents, CEOs, ... /
_cIjaz Nisar.
246 3 _aOne hundred business leaders of Pakistan
246 3 0 _aBusiness leaders of Pakistan
264 _aLahore :
_bManager Today Publications,
_c2012.
300 _axvi, 543 pages :
_bcolor illustrations ;
_c25 cm
336 _atext
_2rdacontent
_btxt
337 _aunmediated
_2rdamedia
_bn
338 _avolume
_bnc
_2rdacarrier
650 0 _aExecutive ability
_zPakistan
_9122698
650 0 _aEntrepreneurship
_zPakistan.
_91527
942 _2lcc
_cBK